| 000 | 00386nam a2200157Ia 4500 | ||
|---|---|---|---|
| 008 | 210719s1992 xx 000 0 und d | ||
| 020 | _a0139322604 | ||
| 041 | _aeng | ||
| 082 | _a621.38195 ROSH | ||
| 100 | _aROSCH (Winn L) | ||
| 245 | _aHardware bible. | ||
| 260 |
_aNew York. _bBrady Publishing., _c1992 |
||
| 300 |
_axxxv,1098 _bHB |
||
| 365 | _cRs | ||
| 650 | _aComputer Hardware | ||
| 999 |
_c213625 _d213625 |
||